Sociedades simples (Sec. IV, LGS). Adecuación al marco normativo dentro del Régimen Simplificado para pequeños contribuyentes (RS). Monotributo (Registro nro. 21185)

Detalles MARC
000 -LEADER
fixed length control field 00441 a2200109 4500
001 - CONTROL NUMBER
control field ART_43885
005 - DATE AND TIME OF LATEST TRANSACTION
control field 20260410161808.0
008 - FIXED-LENGTH DATA ELEMENTS--GENERAL INFORMATION
fixed length control field 260409a
100 1# - MAIN ENTRY--PERSONAL NAME
Personal name Franzone, María Elena
245 10 - TITLE STATEMENT
Title Sociedades simples (Sec. IV, LGS). Adecuación al marco normativo dentro del Régimen Simplificado para pequeños contribuyentes (RS). Monotributo
773 0# - HOST ITEM ENTRY
Title Doctrina Societaria y Concursal
Related parts - Nº 358 (sep. 2017)
Record control number REV4298

No hay ítems disponibles.